MARC

LEADER 00000nam0a2200000 4500
001 91757
005 20231031104238.0
010 |a 5724501880 
035 |a (RuTPU)RU\TPU\book\98347 
090 |a 91757 
100 |a 20060301d km y0rusy50 ca 
101 0 |a rus 
102 |a RU 
105 |a a z 001zy 
200 1 |a Контактные теплообменники  |f Е.И. Таубман [и др.] 
210 |a Москва  |c Химия  |d 1988 
215 |a 256 с.  |c ил. 
320 |a Библиогр.: с. 248-256. 
610 1 |a теплообменники 
610 1 |a контактные аппараты 
610 1 |a математические модели 
610 1 |a применение 
675 |a 66  |v 3 
701 1 |a Таубман  |b Е.И.  |g Ефим Исаакович 
701 1 |a Горнев  |b В.А.  |g Виталий Авдеевич 
701 1 |a Мельцер  |b В.Л.  |g Валентин Леонидович 
701 1 |a Пастушенко  |b Б.Л.  |g Борис Львович 
701 1 |a Савинкин  |b В. И.  |g Валерий Игоревич 
801 1 |a RU  |b 63413507  |c 20060301  |g PSBO 
801 2 |a RU  |b 63413507  |c 20150512  |g PSBO 
942 |c BK